000 00433nam a22001697a 4500
003 NUST - PNEC
005 20170116180831.0
008 150731b xxu||||| |||| 00| 0 eng d
020 _a-
040 _cLIBRARY
082 _a517 FAD
100 _94635
_aFadell, Albert G.
245 _aVector calculus : and differential equations
_cAlbert G. Fadell
260 _cc.1968
650 _94637
_aCalculus
_xME / MIS
942 _2ddc
_cBK
999 _c64026
_d64026